Catalog

Record Details

Catalog Search



Available copies

  • 1 of 1 copy available at LARL/NWRL Consortium. (Show)
  • 1 of 1 copy available at Northwest Regional Library.

Current holds

0 current holds with 1 total copy.

Show Only Available Copies
Location Call Number / Copy Notes Barcode Shelving Location Status Due Date
Warroad Public Library e WIS (Text) 35500004547855 Main Available -

Record details

  • ISBN: 0060265485
  • Physical Description: 64 p. illus. 23 cm.
  • Publisher: New York, Harper & Row 1970
Subject: Moose > Fiction.
LDR 00950cam a2200253 4500
0011084
003LARL_NWRL_CONSORTIUM
00520190128155120.0
008700504s1970 nyua j 000 1 eng
035 . ‡a(OCoLC)69565
020 . ‡a0060265485
082 . ‡a[E]
092 . ‡aE ‡bW
092 . ‡aER
1001 . ‡aWiseman, Bernard. ‡0(LARL_NWRL_CONSORTIUM)55632
24510. ‡aMorris goes to school / ‡cby B. Wiseman.
260 . ‡aNew York, ‡bHarper & Row ‡c1970
300 . ‡a64 p. ‡billus. ‡c23 cm.
4900 . ‡aI can read! Level 1
650 0. ‡aMoose ‡vFiction.
901 . ‡a1084 ‡bOCLC ‡c1084 ‡tbiblio

Additional Resources